000 00555nam a2200217 a 4500
999 _c5030
_d5030
001 5030
003 BD-JhCC
005 20180313185851.0
008 171207s19391966e |||| || | 000 0 eng d
035 _a(BD-JhCC)5030
040 _aBD-JhCC
_dBD-JhCC
041 _aeng
082 _a428.2
_bDRA 1966
100 _aDrake, H. B.
245 _aAn Approach to English Literature /
_c H. B. Drake,
260 _aLondon :
_bOxford University Press,
_c1966.
300 _a112 p. :
_c18 cm.
650 _aEnglish Language
942 _2ddc
_cBK